000 00772cam a2200217 a 4500
020 _a0821325868
040 _cDLC
082 0 0 _a338 WOR 1993 C148 Or.
245 0 0 _aArgentina's privatization program :
_bexperience, issues, and lessons /
260 _aWashington, D.C. :
_bWorld Bank,
_cc1993.
300 _axi, 31 p. ;
_c23 cm.
490 1 _aDevelopment in practice
500 _a"Much of this booklet has been adapted from 'Argentina's privatization program' by Myrna Alexander and Carlos Corti, World Bank staff"--Verso t.p.
650 0 _aPrivatization
650 0 _aStructural adjustment (Economic policy)
650 0 _aGovernment business enterprises
700 1 _aAlexander, Myrna,
700 1 _aCorti, Carlos.
710 2 _aWorld Bank.
942 _cAEDBB
999 _c18596
_d18596